000
00263nam a22001217a 4500
020
_a
978-93-82116-48-6
082
_a
894.812.3
_b
GEO/S
245
_a
SALABHANGALUDE NIRTHAM
260
_a
THRISSUR
_b
H&C BOOKS
300
_a
48
650
_a
STORY
_z
KERALA
942
_c
BK
999
_c
7018
_d
7018